Carpeta de lengua 7 egb /
Guardado en:
| Autor Principal: | |
|---|---|
| Otros Autores: | , , , , , , , |
| Formato: | Libro |
| Publicado: |
Buenos Aires :
Aique
|
| Series: | Actividades y +
|
| Materias: | |
| Etiquetas: |
Agregar Etiqueta
Sin Etiquetas, Sea el primero en etiquetar este registro!
|
| LEADER | 01541nam a22003375a 4500 | ||
|---|---|---|---|
| 001 | CEM.cems011825 | ||
| 005 | 20080429103611.0 | ||
| 008 | 130507b######################000#0#####d | ||
| 003 | CEMS | ||
| 020 | |a 9507019391 | ||
| 082 | 0 | 4 | |a 468 |
| 100 | 1 | |a Archanco, Pamela | |
| 245 | 1 | 0 | |a Carpeta de lengua 7 egb / |c Coordinado Por Pamela Archanco ; verónica Ascúa ... [et Al.] |
| 260 | |a Buenos Aires : |b Aique | ||
| 300 | |a 256 p. | ||
| 490 | 0 | |a Actividades y + | |
| 500 | |a Acompaña a Voces y vuelos 7 | ||
| 505 | 0 | |a Cuadernillo 1: Cuenta la leyenda... -- Diariamente una noticia -- Cuadernillo 2: Textos con humor -- Textos que explican -- Cuadernillo 3: Como seguir instrucciones -- Historias con aventuras -- Textos con opinión -- Con vuelo poético -- Cuadernillo 5: Atención ... comienza la función -- Narraciones fantásticas -- Cuadernillo de gramática: Primero las palabras -- Con palabras formamos oraciones -- El paradigma verbal -- Cuadernillo de normativa: Entrenados en ortografía -- Entrenados en acentuación -- Entrenados en puntuación -- Cuadernillo de escritura: Narrar lo fantástico -- Exponer información | |
| 653 | |a Lengua | ||
| 653 | |a Lengua-8 egb | ||
| 653 | |a Ortografía | ||
| 653 | |a Leyenda | ||
| 700 | 1 | |a Ascúa, Verónica | |
| 700 | 1 | |a Bannon, Mara | |
| 700 | 1 | |a Bas, Alcira | |
| 700 | 1 | |a Klein, Irene | |
| 700 | 1 | |a Lotito, Liliana | |
| 700 | 1 | |a Mazer, Violeta | |
| 700 | 1 | |a Solari, Nora | |
| 700 | 1 | |a Vernino, Teresita | |
| 859 | |a CEMS |b BIB. CEMS - 11 de abril |h 468 |i Ar26 |p 22875.05 |t Ej.1 |v 7º |3 7º | ||
